[Event "Titled Tue 17th Jun Late"]
[Site "chess.com INT"]
[Date "2025.06.17"]
[Round "10"]
[White "Mecit, Emre"]
[Black "Przybylski, Wojciech"]
[Result "1-0"]
[BlackTitle "FM"]
[WhiteElo "2007"]
[BlackElo "2340"]
[WhiteFideId "6304214"]
[BlackFideId "1117599"]
[EventDate "2025.06.17"]

1. e4 c5 2. Nf3 d6 3. d4 cxd4 4. Nxd4 Nf6 5. Nc3 a6 6. Bg5 e6 7. f4 Nbd7 8. Qf3
Qc7 9. O-O-O b5 10. e5 Bb7 11. Qh3 dxe5 12. Nxe6 fxe6 13. Qxe6+ Be7 14. Bxb5
axb5 15. Nxb5 Qc6 16. Nd6+ Kd8 17. fxe5 Rc8 18. Nxb7+ Qxb7 19. Rxd7+ Qxd7 20.
Rd1 Qxd1+ 21. Kxd1 Rf8 22. exf6 Bxf6 23. Bxf6+ Rxf6 24. Qg8+ Kd7 25. Qxg7+ Ke6
26. Qg4+ Rf5 27. c4 Rd8+ 28. Kc2 Rf8 29. a3 Kd6 30. Qd4+ Kc6 31. b4 Rf2+ 32. Kb3
R8f5 33. b5+ Kc7 34. Qg7+ Kb6 35. Qd7 h5 36. Qd6+ Kb7 37. c5 Rf6 38. Qd7+ Kb8
39. b6 Rf7 40. Qd8+ Kb7 41. Qd5+ Ka6 42. Qa8+ Kb5 43. b7 Kxc5 44. Qa5+ Kc6 45.
b8=Q Rb7+ 46. Qxb7+ Kxb7 47. Qd5+ Ka6 48. Qd3+ Kb7 49. Qf3+ Rxf3+ 50. gxf3 h4
51. Kc4 h3 52. Kd4 Kc6 53. Ke4 Kc5 54. Kf4 Kc4 55. Kg3 Kd3 56. Kxh3 Ke3 57. Kg4 1-0

[Event "Titled Tue 17th Jun Late"]
[Site "chess.com INT"]
[Date "2025.06.17"]
[Round "10"]
[White "Kanakaris, Georgios"]
[Black "Guliev, Gasan"]
[Result "1-0"]
[WhiteTitle "IM"]
[BlackTitle "CM"]
[WhiteElo "2396"]
[BlackElo "2123"]
[WhiteFideId "4209460"]
[BlackFideId "34165638"]
[EventDate "2025.06.17"]

1. e4 c5 2. b4 cxb4 3. a3 Qa5 4. Bb2 Nf6 5. e5 Nd5 6. Nf3 e6 7. Bc4 Nc6 8. O-O
Nb6 9. Bb3 Be7 10. d4 bxa3 11. Nxa3 Nd5 12. c4 Nf4 13. g3 Ng6 14. d5 Nb8 15. h4
h5 16. Bc2 Na6 17. Nb5 Qb6 18. Bd4 Bc5 19. Nd6+ Kf8 20. Bxg6 fxg6 21. Qd2 Bxd4
22. Qf4+ Ke7 23. Qg5+ Kf8 24. Nxd4 Kg8 25. Nf3 Kh7 26. Qf4 Rd8 27. Ng5+ Kg8 28.
Qf7+ Kh8 29. Qxg6 Qb1 30. Raxb1 1-0

[Event "Titled Tue 17th Jun Late"]
[Site "chess.com INT"]
[Date "2025.06.17"]
[Round "10"]
[White "Holt, Conrad"]
[Black "Shandrygin, Nikita"]
[Result "0-1"]
[WhiteTitle "GM"]
[BlackTitle "FM"]
[WhiteElo "2540"]
[BlackElo "2209"]
[WhiteFideId "2034387"]
[BlackFideId "24198668"]
[EventDate "2025.06.17"]

1. d4 d5 2. c4 Nc6 3. cxd5 Qxd5 4. e3 e5 5. Nc3 Bb4 6. Bd2 Bxc3 7. bxc3 Nf6 8.
Qb3 O-O 9. Qxd5 Nxd5 10. Bb5 Re8 11. Nf3 e4 12. Bxc6 bxc6 13. Ne5 c5 14. O-O f6
15. Nc6 Ba6 16. Rfc1 c4 17. Rab1 Re6 18. Na5 Nb6 19. Rc2 Rd8 20. Ra1 Rd5 21. Nb3
cxb3 22. axb3 Bd3 23. Rca2 Rb5 24. Ra3 Kf7 25. c4 Rg5 26. Rxa7 Re7 27. Bb4 Rd7
28. Bc5 Nc8 29. Rb7 Be2 30. Kh1 Ke6 31. Ra6+ Kf7 32. Rc6 h5 0-1

[Event "Titled Tue 17th Jun Late"]
[Site "chess.com INT"]
[Date "2025.06.17"]
[Round "10"]
[White "Kobo, Ori"]
[Black "Leenhouts, Koen"]
[Result "1-0"]
[WhiteTitle "GM"]
[BlackTitle "GM"]
[WhiteElo "2493"]
[BlackElo "2476"]
[WhiteFideId "2812320"]
[BlackFideId "1008439"]
[EventDate "2025.06.17"]

1. c4 e6 2. g3 d5 3. Bg2 Nf6 4. Nf3 Be7 5. O-O O-O 6. b3 b6 7. Bb2 Bb7 8. cxd5
exd5 9. e3 Nbd7 10. Nc3 Re8 11. Rc1 a6 12. Re1 Bf8 13. Re2 Rc8 14. d4 Ne4 15.
Rec2 Nd6 16. Ne2 g6 17. Bh3 Bg7 18. Nf4 Ne4 19. Nd3 c6 20. Nde5 Nxe5 21. Nxe5
Bxe5 22. Bxc8 Qxc8 23. dxe5 c5 24. f3 Ng5 25. h4 Ne6 26. Rf2 Ng7 27. Kh2 Qe6 28.
b4 c4 29. Qd4 Nf5 30. Qf4 Bc8 31. a3 b5 32. Kg1 h5 33. Bc3 Kh7 34. Re1 Rg8 35.
Rh2 Ng7 36. Bd4 Qf5 37. e4 1-0

[Event "Titled Tue 17th Jun Late"]
[Site "chess.com INT"]
[Date "2025.06.17"]
[Round "10"]
[White "Bardyk, Artem"]
[Black "Nurgaliyeva, Zarina"]
[Result "0-1"]
[WhiteTitle "FM"]
[BlackTitle "WFM"]
[WhiteElo "2260"]
[BlackElo "2252"]
[WhiteFideId "34349979"]
[BlackFideId "13730096"]
[EventDate "2025.06.17"]

1. e4 e5 2. Nf3 Nc6 3. Bc4 Nf6 4. d3 Bc5 5. O-O d6 6. c3 h6 7. Bb3 a5 8. Be3 O-O
9. Nbd2 Ba7 10. Bxa7 Rxa7 11. d4 exd4 12. cxd4 Bg4 13. d5 Ne5 14. h3 Bh5 15. Re1
Ra8 16. g4 Bg6 17. Nxe5 dxe5 18. Rc1 Ne8 19. Nc4 Qf6 20. Rc3 b5 21. Rf3 Qe7 22.
Ne3 Bxe4 23. Nf5 Qb4 24. Rg3 Bxf5 25. gxf5 Nf6 26. Rxe5 Rfe8 27. a3 Qf4 28.
Rxe8+ Rxe8 29. Qf3 Qc1+ 30. Kg2 a4 31. d6 axb3 32. d7 Rd8 33. Qxb3 Qc6+ 34. Kh2
Rxd7 35. Qb4 Qc2 36. Qh4 Qxf2+ 37. Rg2 Qxh4 0-1

[Event "Titled Tue 17th Jun Late"]
[Site "chess.com INT"]
[Date "2025.06.17"]
[Round "10"]
[White "Garcia Hernandez, Rebeca"]
[Black "Rasch, Holger"]
[Result "0-1"]
[WhiteTitle "WCM"]
[BlackTitle "FM"]
[WhiteElo "1904"]
[BlackElo "2246"]
[WhiteFideId "5180872"]
[BlackFideId "4615670"]
[EventDate "2025.06.17"]

1. Nf3 c5 2. g3 b6 3. Bg2 Bb7 4. O-O Nf6 5. c4 e6 6. b3 Be7 7. Bb2 a6 8. Nc3 O-O
9. d4 cxd4 10. Qxd4 Nc6 11. Qd2 Qc7 12. e4 d6 13. Rac1 Ne5 14. Qe2 Rac8 15. Nd2
Rfd8 16. h3 Ned7 17. f4 Qb8 18. g4 Bf8 19. Kh1 Qa8 20. g5 Ne8 21. h4 g6 22. h5
b5 23. hxg6 hxg6 24. Kh2 b4 25. Nd1 d5 26. cxd5 exd5 27. Nf2 Bg7 28. Bxg7 Nxg7
29. exd5 Bxd5 30. Nde4 Qb8 31. Rxc8 Rxc8 32. Kg3 Nh5+ 33. Kh2 Qxf4+ 34. Kg1 Ne5
35. Qxa6 Rc2 36. Nd3 Qe3+ 37. Kh1 Nxd3 0-1

[Event "Titled Tue 17th Jun Late"]
[Site "chess.com INT"]
[Date "2025.06.17"]
[Round "10"]
[White "Grover, Sahaj"]
[Black "Janaszak, Dawid"]
[Result "1-0"]
[WhiteTitle "GM"]
[BlackTitle "FM"]
[WhiteElo "2465"]
[BlackElo "2306"]
[WhiteFideId "5021103"]
[BlackFideId "1119206"]
[EventDate "2025.06.17"]

1. e4 e6 2. d4 d5 3. exd5 exd5 4. Nf3 Bd6 5. c4 c6 6. c5 Bc7 7. Bd3 Nf6 8. h3
O-O 9. O-O h6 10. Nc3 Re8 11. Be3 Nbd7 12. Qd2 Nf8 13. b4 Ne4 14. Qc2 f5 15. b5
Ne6 16. a4 Qf6 17. Ne2 g5 18. Nd2 f4 19. Nxe4 dxe4 20. Bxe4 fxe3 21. fxe3 Qg7
22. bxc6 Rb8 23. Rab1 b6 24. cxb6 axb6 25. Nc3 Nxd4 26. exd4 Qxd4+ 27. Qf2 Be5
28. Nb5 Qxf2+ 29. Rxf2 Be6 30. Rc1 Bf4 31. Rxf4 gxf4 32. c7 Rbc8 33. Bb7 Rf8 34.
Bxc8 Bxc8 35. Nd6 Kg7 36. Rc6 Bd7 37. c8=Q Bxc8 38. Rxc8 Rf6 39. Ne8+ 1-0

[Event "Titled Tue 17th Jun Late"]
[Site "chess.com INT"]
[Date "2025.06.17"]
[Round "10"]
[White "Gorbenko, Rustem"]
[Black "Abdou Ahmed Alem"]
[Result "0-1"]
[WhiteTitle "CM"]
[BlackTitle "CM"]
[WhiteElo "2201"]
[BlackElo "2002"]
[WhiteFideId "14111438"]
[BlackFideId "19603720"]
[EventDate "2025.06.17"]

1. d4 f5 2. e4 fxe4 3. f3 Nf6 4. Nc3 exf3 5. Nxf3 e6 6. Bd3 Be7 7. O-O O-O 8.
Bg5 Nc6 9. Qe1 Nh5 10. Qh4 Qe8 11. Bxe7 Nxe7 12. Ng5 Nf5 13. Qh3 Qg6 14. Nf3 Nf4
15. Bxf5 Nxh3+ 16. Bxh3 b6 17. Ne5 Qe8 18. Rxf8+ Qxf8 19. Rf1 Qe7 20. Nb5 Bb7
21. Nxc7 Rc8 22. Rf7 Qxf7 23. Nxf7 Kxf7 24. Nb5 Ke7 25. c3 a6 26. Na3 Bd5 27.
Kf2 Bxa2 28. g3 Bd5 29. Bf1 b5 30. Nc2 Rf8+ 31. Ke1 d6 32. Nb4 Bb7 33. Nd3 a5
34. Nf4 b4 35. Bd3 e5 36. dxe5 dxe5 0-1

[Event "Titled Tue 17th Jun Late"]
[Site "chess.com INT"]
[Date "2025.06.17"]
[Round "10"]
[White "Pranav, V"]
[Black "Firouzja, Alireza"]
[Result "0-1"]
[WhiteTitle "GM"]
[BlackTitle "GM"]
[WhiteElo "2595"]
[BlackElo "2766"]
[WhiteFideId "25060783"]
[BlackFideId "12573981"]
[EventDate "2025.06.17"]

1. e4 c5 2. Nf3 d6 3. Bb5+ Nd7 4. O-O a6 5. Bxd7+ Bxd7 6. c3 e6 7. d4 Qc7 8. Re1
Ne7 9. Nbd2 Ng6 10. Nf1 Be7 11. Bg5 f6 12. Be3 O-O 13. Ng3 b5 14. h4 Nh8 15. h5
Nf7 16. d5 exd5 17. Qxd5 Rfe8 18. Bf4 Bf8 19. Nh4 Be6 20. Qd2 Qc6 21. Nf3 Rad8
22. b3 Ne5 23. Nh4 c4 24. Nhf5 Bf7 25. Nd4 Qc8 26. bxc4 bxc4 27. Reb1 Nd3 28.
Be3 d5 29. exd5 Rxd5 30. h6 g6 31. Rb6 f5 32. Rab1 Rde5 33. Nf1 Re4 34. Nf3 f4
35. Bd4 Bd5 36. Ng5 R4e7 37. Rd6 Bxg2 38. Kxg2 Qg4+ 39. Ng3 Qxg5 40. Bf6 f3+ 0-1

[Event "Titled Tue 17th Jun Late"]
[Site "chess.com INT"]
[Date "2025.06.17"]
[Round "10"]
[White "Ferriz Barrios, Andres"]
[Black "Gomez Gonzales, Fabiana"]
[Result "1/2-1/2"]
[WhiteTitle "FM"]
[BlackTitle "WCM"]
[WhiteElo "2102"]
[BlackElo "1796"]
[WhiteFideId "5104467"]
[BlackFideId "3860191"]
[EventDate "2025.06.17"]

1. d4 Nf6 2. c4 e6 3. Nf3 b6 4. Nc3 Bb7 5. g3 Bb4 6. Bg2 O-O 7. O-O d5 8. Ne5
Nbd7 9. a3 Bxc3 10. bxc3 c6 11. a4 Nxe5 12. dxe5 Nd7 13. cxd5 cxd5 14. Ba3 Re8
15. Bd6 Rc8 16. Qd2 Nc5 17. Rfb1 Ba6 18. a5 Bc4 19. axb6 axb6 20. Ra7 f6 21.
exf6 Qxf6 22. Rxb6 Ne4 23. Bxe4 dxe4 24. Bf4 Rcd8 25. Qe1 Re7 26. Be5 Qf7 27.
Ra4 Red7 28. Rb1 Bb3 29. Rd4 Bd5 30. Rbd1 Qf5 31. f4 exf3 32. e4 f2+ 33. Qxf2
Qxf2+ 34. Kxf2 Bc6 35. Rxd7 Rxd7 36. Rxd7 Bxd7 37. Ke3 Bc6 38. Kd4 Kf7 39. Bd6
Kf6 40. g4 Kg5 41. h3 Kh4 42. Bf8 g5 43. Ke5 Kxh3 44. Kxe6 Bxe4 45. Kf6 Kxg4 46.
Bh6 Bc6 47. Bxg5 Kf3 48. Ke5 Ke2 49. Kd4 Kf3 50. Kc5 Be4 51. c4 h5 52. Kd6 Kg4
53. Be7 h4 54. Bxh4 Kxh4 55. c5 Kg4 56. c6 Bxc6 1/2-1/2

[Event "Titled Tue 17th Jun Late"]
[Site "chess.com INT"]
[Date "2025.06.17"]
[Round "10"]
[White "Thake, Conrad"]
[Black "Uyanga, Byambaa"]
[Result "1-0"]
[WhiteTitle "CM"]
[BlackTitle "WFM"]
[WhiteElo "1873"]
[BlackElo "2006"]
[WhiteFideId "5602947"]
[BlackFideId "2054906"]
[EventDate "2025.06.17"]

1. e4 c5 2. Nc3 Nc6 3. f4 g6 4. Nf3 Bg7 5. Bc4 e6 6. d3 Nge7 7. O-O d5 8. Bb5
O-O 9. Qe1 a6 10. Bxc6 Nxc6 11. e5 Nb4 12. Qf2 d4 13. Ne4 b6 14. a3 Nd5 15. Nd6
Nxf4 16. Bxf4 f6 17. Qg3 g5 18. Bd2 Bd7 19. exf6 Bxf6 20. Bxg5 Kh8 21. Bxf6+
Qxf6 22. Qe5 Bc6 23. Qxf6+ Rxf6 24. Ne5 Rxf1+ 25. Rxf1 Bd5 26. Ndf7+ Kg7 27. g4
b5 28. h4 c4 29. Kh2 a5 30. Kg3 c3 31. b3 Rf8 32. Rf2 b4 33. a4 Rc8 34. Nd6 Rc7
35. Ndc4 Ra7 36. g5 Ra8 37. h5 Ra7 38. Kg4 Ra8 39. Rf7+ Kg8 40. Rc7 Rf8 41. g6
hxg6 42. hxg6 Rf2 43. Rc8+ Kg7 44. Rc7+ Kg8 45. Nd7 Rxc2 46. Nf6+ Kf8 47. g7# 1-0

[Event "Titled Tue 17th Jun Late"]
[Site "chess.com INT"]
[Date "2025.06.17"]
[Round "10"]
[White "Deac, Bogdan-Daniel"]
[Black "Steinberg, Nitzan"]
[Result "1-0"]
[WhiteTitle "GM"]
[BlackTitle "GM"]
[WhiteElo "2674"]
[BlackElo "2554"]
[WhiteFideId "1226380"]
[BlackFideId "2801795"]
[EventDate "2025.06.17"]

1. d4 Nf6 2. c4 e6 3. Nc3 d5 4. Nf3 Be7 5. g3 O-O 6. Bg2 c6 7. O-O Nbd7 8. b3 b6
9. Qd3 Bb7 10. Rd1 Qc8 11. Bf4 Rd8 12. Rac1 h6 13. cxd5 exd5 14. Ne5 Nf8 15. h4
Ne6 16. Be3 c5 17. Bh3 Ba6 18. Qd2 Qb7 19. Na4 Ne4 20. Qb2 Bf6 21. Bxe6 fxe6 22.
Ng4 Bxd4 23. Bxd4 cxd4 24. Rxd4 Rac8 25. Rxc8 Rxc8 26. Ne3 Qf7 27. f3 Nxg3 28.
Kf2 Nxe2 29. Rg4 d4 30. Nc4 1-0

[Event "Titled Tue 17th Jun Late"]
[Site "chess.com INT"]
[Date "2025.06.17"]
[Round "10"]
[White "Salinas Herrera, Pablo"]
[Black "Haddouche, Mohamed"]
[Result "1-0"]
[WhiteTitle "GM"]
[BlackTitle "GM"]
[WhiteElo "2447"]
[BlackElo "2490"]
[WhiteFideId "3407128"]
[BlackFideId "7900660"]
[EventDate "2025.06.17"]

1. d4 Nf6 2. Nf3 g6 3. Nbd2 Bg7 4. e4 d5 5. exd5 Nxd5 6. Bc4 O-O 7. O-O b6 8.
Re1 Bb7 9. c3 Nd7 10. Ne4 c5 11. dxc5 Nxc5 12. Nxc5 bxc5 13. Bg5 Nb6 14. Bf1 f6
15. Be3 Qc7 16. a4 Rad8 17. Qe2 e5 18. a5 Nd5 19. Qc4 Rc8 20. Rad1 Rfd8 21. Qa2
Kh8 22. Bc1 c4 23. Nd2 Ba6 24. Ne4 Nf4 25. Bxf4 exf4 26. Qa3 f3 27. gxf3 Bb7 28.
a6 Ba8 29. Bh3 f5 30. Ng5 Rxd1 31. Rxd1 Qf4 32. Qe7 h6 33. Qxg7+ Kxg7 34. Ne6+
Kf6 35. Nxf4 Bxf3 36. Rd4 g5 37. Nd5+ Ke5 38. Ne3 Rb8 39. Bxf5 Rxb2 40. Nxc4+ 1-0

[Event "Titled Tue 17th Jun Late"]
[Site "chess.com INT"]
[Date "2025.06.17"]
[Round "10"]
[White "Jagirapu, Harshin Reddy"]
[Black "Nayak, Rajesh"]
[Result "1-0"]
[BlackTitle "FM"]
[WhiteElo "2042"]
[BlackElo "2262"]
[WhiteFideId "39910679"]
[BlackFideId "35017152"]
[EventDate "2025.06.17"]

1. e4 c5 2. Nf3 d6 3. d4 cxd4 4. Nxd4 Nf6 5. Nc3 g6 6. Be3 Bg7 7. f3 O-O 8. Qd2
Nc6 9. Bc4 Bd7 10. O-O-O Rb8 11. Bb3 Na5 12. g4 b5 13. h4 Nc4 14. Bxc4 bxc4 15.
h5 Qa5 16. Kb1 Rb4 17. h6 Bh8 18. g5 Rfb8 19. b3 cxb3 20. axb3 e5 21. gxf6 exd4
22. Bxd4 Be6 23. Na2 Bxb3 24. cxb3 Rxb3+ 25. Ka1 Qa4 26. Rb1 a5 27. Rxb3 Qxb3
28. Qc3 Qb7 29. Qc2 d5 30. Rb1 Qa8 31. Rxb8+ Qxb8 32. exd5 Qf8 33. Qc7 a4 34. d6 1-0

[Event "Titled Tue 17th Jun Late"]
[Site "chess.com INT"]
[Date "2025.06.17"]
[Round "10"]
[White "Chocenka, Dmitrijus"]
[Black "Akopyan, Harutyun"]
[Result "1-0"]
[WhiteTitle "FM"]
[BlackTitle "FM"]
[WhiteElo "2314"]
[BlackElo "2240"]
[WhiteFideId "12802336"]
[BlackFideId "2012014"]
[EventDate "2025.06.17"]

1. e4 e5 2. d4 exd4 3. Nf3 Nc6 4. Bc4 Bc5 5. c3 Nf6 6. cxd4 Bb4+ 7. Bd2 Bxd2+ 8.
Nbxd2 d5 9. exd5 Nxd5 10. O-O O-O 11. h3 Nf4 12. Ne4 Bf5 13. Re1 h6 14. Qd2 Ng6
15. Ng3 Qf6 16. d5 Rad8 17. Nh5 Qd6 18. Qc3 Nce5 19. Nxe5 Nxe5 20. Qxe5 Qg6 21.
Nf4 Qg5 22. h4 Qg4 23. f3 Qxh4 24. Qxf5 g5 25. Ng6 Qd4+ 26. Kh1 fxg6 27. Qxg6+
Kh8 28. Qxh6+ Kg8 29. Re7 Qh4+ 30. Qxh4 gxh4 31. d6+ Kh8 32. dxc7 Rd4 33. Rc1 h3
34. Bb3 hxg2+ 35. Kg1 Rd2 36. c8=Q 1-0

[Event "Titled Tue 17th Jun Late"]
[Site "chess.com INT"]
[Date "2025.06.17"]
[Round "10"]
[White "Moroni, Luca Jr"]
[Black "Rajaram, Rohan"]
[Result "0-1"]
[WhiteTitle "GM"]
[BlackTitle "CM"]
[WhiteElo "2549"]
[BlackElo "2164"]
[WhiteFideId "865834"]
[BlackFideId "30940729"]
[EventDate "2025.06.17"]

1. e4 c5 2. d4 cxd4 3. c3 dxc3 4. Nxc3 e6 5. Nf3 a6 6. Bf4 Nc6 7. Qd2 b5 8. Rd1
Bb7 9. a3 Be7 10. e5 f5 11. Be2 h6 12. h4 Bc5 13. b4 Bb6 14. Rh3 Nge7 15. Rg3
Rg8 16. h5 Rc8 17. Kf1 Qc7 18. Bxb5 axb5 19. Kg1 Na7 20. Nh4 Kf7 21. Bxh6 gxh6
22. Qxh6 Rxg3 23. Qf6+ Ke8 24. Ne2 Rg4 25. h6 Bxg2 26. h7 Bf3+ 27. Kh2 Rxh4+ 28.
Qxh4 Qxe5+ 29. Ng3 Kf7 30. Rxd7 Nc6 31. a4 Bxf2 32. axb5 Bxg3+ 33. Qxg3 Qxg3+
34. Kxg3 Ne5 35. Rc7 Rh8 36. Kf4 Kf6 37. b6 Nd5+ 38. Kg3 Nxc7 39. bxc7 Bb7 40.
b5 Rxh7 0-1

[Event "Titled Tue 17th Jun Late"]
[Site "chess.com INT"]
[Date "2025.06.17"]
[Round "10"]
[White "Haydon, David L"]
[Black "Yanev, Tihomir"]
[Result "0-1"]
[WhiteTitle "FM"]
[BlackTitle "IM"]
[WhiteElo "2284"]
[BlackElo "2354"]
[WhiteFideId "415405"]
[BlackFideId "2910110"]
[EventDate "2025.06.17"]

1. e4 e5 2. Nf3 Nc6 3. Bb5 a6 4. Ba4 Nf6 5. O-O Be7 6. Re1 b5 7. Bb3 O-O 8. c3
d6 9. d3 Na5 10. Bc2 c5 11. Nbd2 Re8 12. Nf1 Bf8 13. h3 Nc6 14. Ng3 g6 15. Be3
d5 16. Qc1 d4 17. Bh6 Qe7 18. Bxf8 Qxf8 19. cxd4 exd4 20. Qf4 Qe7 21. Bb3 Ne5
22. Nxe5 Qxe5 23. Qxe5 Rxe5 24. f4 Re7 25. Rac1 Nd7 26. e5 Bb7 27. e6 fxe6 28.
Rxe6 Kf8 29. f5 Rae8 30. Rxe7 Kxe7 31. Be6 Rc8 32. Re1 Kd6 33. fxg6 hxg6 34. Bf7
Ne5 35. Bxg6 Nxg6 36. Nf5+ Kd7 37. h4 Rf8 38. g4 Bf3 39. Nh6 Nxh4 40. Re5 Kd6
41. Re1 Bxg4 0-1

[Event "Titled Tue 17th Jun Late"]
[Site "chess.com INT"]
[Date "2025.06.17"]
[Round "10"]
[White "Rozman, Levy"]
[Black "Pakleza, Zbigniew"]
[Result "0-1"]
[WhiteTitle "IM"]
[BlackTitle "GM"]
[WhiteElo "2324"]
[BlackElo "2484"]
[WhiteFideId "2039877"]
[BlackFideId "1119290"]
[EventDate "2025.06.17"]

1. Na3 d5 2. c3 Nf6 3. d4 c6 4. Bf4 Bf5 5. h4 h6 6. e3 Qb6 7. Qb3 e6 8. Nf3 Be7
9. Ne5 Nbd7 10. Be2 Bh7 11. h5 O-O 12. g4 Nxe5 13. Bxe5 Nd7 14. Bg3 c5 15. Qxb6
Nxb6 16. Nb5 Na4 17. b3 Nb6 18. a4 a6 19. Na3 cxd4 20. exd4 Rac8 21. Kd2 f5 22.
gxf5 Bxf5 23. Rhg1 Nd7 24. Nc2 Nf6 25. f3 Rxc3 26. Kxc3 Rc8+ 27. Kd2 Rxc2+ 28.
Kd1 Nxh5 29. f4 Nf6 30. Rc1 Rb2 31. Rc7 Rb1+ 32. Rc1 Rxb3 33. Bh4 Kf7 34. Rc7
Rb1+ 35. Rc1 Rb4 36. Rc7 Rxd4+ 37. Kc1 Rxa4 38. Rxg7+ Kxg7 39. Rxe7+ Kf8 40.
Bxf6 Rxf4 41. Bh5 Bg6 42. Bxg6 Rxf6 0-1

[Event "Titled Tue 17th Jun Late"]
[Site "chess.com INT"]
[Date "2025.06.17"]
[Round "10"]
[White "Makaraci, Tunahan"]
[Black "Bogaudinov, Rushan"]
[Result "0-1"]
[WhiteTitle "FM"]
[BlackTitle "FM"]
[WhiteElo "2233"]
[BlackElo "1912"]
[WhiteFideId "6356559"]
[BlackFideId "4129288"]
[EventDate "2025.06.17"]

1. e4 c5 2. Nf3 e6 3. c3 d5 4. exd5 exd5 5. d4 Nf6 6. Bb5+ Bd7 7. Bxd7+ Nbxd7 8.
Qe2+ Be7 9. O-O O-O 10. dxc5 Nxc5 11. Bg5 Nce4 12. Bh4 Re8 13. Qc2 Qb6 14. Nbd2
h6 15. Rae1 Nxd2 16. Nxd2 Bc5 17. Nb3 Ne4 18. Nxc5 Qxc5 19. Bg3 Nxg3 20. hxg3 d4
21. Rxe8+ Rxe8 22. Qa4 Rd8 23. Rd1 d3 24. Qe4 Qb5 25. Qe7 Rd7 26. Qe8+ Kh7 27.
Rd2 a6 28. Qe4+ f5 29. Qe6 Rd8 30. a4 Qd7 31. Qxd7 Rxd7 32. f3 g5 33. f4 Kg6 34.
Kf2 Kh5 35. Kf3 a5 36. b3 Rd6 37. c4 b6 38. fxg5 hxg5 39. g4+ fxg4+ 40. Kg3 Rd4
41. Kf2 Kh4 42. Ke3 Rd7 43. Rxd3 Rxd3+ 44. Kxd3 Kg3 0-1

[Event "Titled Tue 17th Jun Late"]
[Site "chess.com INT"]
[Date "2025.06.17"]
[Round "10"]
[White "Naroditsky, Daniel"]
[Black "Maghsoodloo, Parham"]
[Result "1-0"]
[WhiteTitle "GM"]
[BlackTitle "GM"]
[WhiteElo "2619"]
[BlackElo "2691"]
[WhiteFideId "2026961"]
[BlackFideId "12539929"]
[EventDate "2025.06.17"]

1. d4 d5 2. c4 e6 3. Nc3 c6 4. e4 dxe4 5. Nxe4 Bb4+ 6. Nc3 Nf6 7. Nf3 c5 8. a3
Ba5 9. Be3 Ng4 10. Be2 O-O 11. O-O Nxe3 12. fxe3 cxd4 13. exd4 Nd7 14. b4 Bc7
15. Bd3 a5 16. b5 b6 17. Qe2 Bb7 18. Rad1 Qe7 19. Nd5 Bxd5 20. cxd5 Rae8 21.
Bxh7+ Kxh7 22. Qc2+ Kg8 23. Qxc7 exd5 24. Rfe1 Qd8 25. Qxd8 Rxd8 26. Rc1 Rfe8
27. Rc6 Rxe1+ 28. Nxe1 Re8 29. Kf2 f6 30. Nc2 Kf7 31. Ne3 Re4 32. Rd6 Nf8 33.
Rxb6 Rxd4 34. Rb7+ Ke6 35. Rxg7 Rd2+ 36. Kf3 Nd7 37. g4 Ne5+ 38. Kg3 Rd3 39. Kf2
Rxa3 40. b6 Rb3 41. b7 a4 42. h3 Rb2+ 43. Kf1 a3 44. Nf5 Nc6 45. Rc7 a2 46.
Rxc6+ Ke5 47. Ra6 1-0

[Event "Titled Tue 17th Jun Late"]
[Site "chess.com INT"]
[Date "2025.06.17"]
[Round "10"]
[White "Moussard, Jules"]
[Black "Oro, Faustino"]
[Result "1/2-1/2"]
[WhiteTitle "GM"]
[BlackTitle "IM"]
[WhiteElo "2597"]
[BlackElo "2465"]
[WhiteFideId "642908"]
[BlackFideId "20000197"]
[EventDate "2025.06.17"]

1. Nf3 Nf6 2. b3 d5 3. Bb2 Bf5 4. g3 h6 5. Bg2 e6 6. O-O Be7 7. d3 O-O 8. Nc3
Bh7 9. Qe1 c5 10. e4 Nc6 11. h3 Rc8 12. Kh2 Nd4 13. Rc1 Re8 14. e5 Nxf3+ 15.
Bxf3 Nd7 16. Bg2 a6 17. f4 b5 18. Ne2 c4 19. dxc4 bxc4 20. Nd4 Bc5 21. Qe2 Qb6
22. Rcd1 Qa5 23. a3 Bxd4 24. Bxd4 cxb3 25. cxb3 Rc2 26. Qe3 Qxa3 27. Ra1 Qb4 28.
Rxa6 Be4 29. Rf2 Rxf2 30. Qxf2 Bxg2 31. Kxg2 Qxb3 32. Ra7 Qb5 33. h4 h5 34. f5
exf5 35. Qxf5 Qe2+ 36. Kh3 Qd1 37. Kg2 Qxd4 38. Rxd7 Qe4+ 39. Qxe4 dxe4 40. Rd5
Kh7 41. Kf2 Kg6 42. Ke3 Kf5 43. e6+ Kxe6 44. Rxh5 Kf6 45. Ra5 g6 46. g4 Kg7 47.
h5 gxh5 48. Rxh5 Kg6 49. Rf5 f6 50. Ra5 Re6 51. Rf5 Re7 52. Rb5 Re5 53. Rxe5
fxe5 54. Kxe4 Kg5 55. Kxe5 Kxg4 1/2-1/2

[Event "Titled Tue 17th Jun Late"]
[Site "chess.com INT"]
[Date "2025.06.17"]
[Round "10"]
[White "Levano Loayza, Adriano Jaffet"]
[Black "Shapiro, Daniel"]
[Result "1-0"]
[WhiteTitle "CM"]
[BlackTitle "FM"]
[WhiteElo "2023"]
[BlackElo "2284"]
[WhiteFideId "3865584"]
[BlackFideId "2001780"]
[EventDate "2025.06.17"]

1. d4 Nf6 2. c4 e6 3. Nf3 d5 4. g3 Bb4+ 5. Bd2 Be7 6. Bg2 c6 7. O-O O-O 8. Bc3
b6 9. Nbd2 Ba6 10. b3 Nbd7 11. Re1 b5 12. e4 dxc4 13. bxc4 bxc4 14. Rc1 Rb8 15.
Ba1 Qa5 16. Nxc4 Qxa2 17. Nce5 Bb5 18. Nxc6 Bxc6 19. Rxc6 Rfc8 20. Rxc8+ Rxc8
21. Ne5 Bb4 22. Re2 Qa3 23. Bb2 Qa6 24. Nxd7 Nxd7 25. d5 e5 26. f4 Bc5+ 27. Kh1
Bd6 28. Bh3 Rd8 29. Bxd7 Rxd7 30. fxe5 Bc5 31. Rc2 Qb6 32. Qc1 Bf8 33. Rc8 Rd8
34. Rxd8 Qxd8 35. Bd4 a5 36. d6 h6 37. Qc7 Qg5 38. d7 Be7 39. Bc5 Bd8 40. Qc8
Kh7 41. Bf2 1-0

[Event "Titled Tue 17th Jun Late"]
[Site "chess.com INT"]
[Date "2025.06.17"]
[Round "10"]
[White "Fomevor, Cephas Clinton"]
[Black "Miserendino, Alfredo"]
[Result "1-0"]
[WhiteTitle "CM"]
[WhiteElo "1883"]
[BlackElo "2032"]
[WhiteFideId "12601330"]
[BlackFideId "101800"]
[EventDate "2025.06.17"]

1. d4 c5 2. c3 cxd4 3. cxd4 Nf6 4. Nf3 g6 5. Nc3 Bg7 6. Bg5 O-O 7. e3 d6 8. Be2
Bg4 9. O-O Nc6 10. h3 Bf5 11. Rc1 Rc8 12. a3 a6 13. Nh4 Bd7 14. b4 h6 15. Bxf6
Bxf6 16. Nf3 Bg7 17. b5 axb5 18. Nxb5 Bf5 19. a4 Be4 20. Nd2 Bf5 21. Qb3 Qd7 22.
Bf3 g5 23. Rfe1 e5 24. dxe5 Nxe5 25. Bd5 Nd3 26. Rxc8 Qxc8 27. Nxd6 Qd7 28. Nxf5
Nxe1 29. Nxg7 Kxg7 30. e4 Rc8 31. Qb1 Nc2 32. Qb2+ Kg8 33. Nc4 Rxc4 34. Bxc4
Qd1+ 35. Kh2 Qd6+ 36. g3 Nd4 37. Qxb7 Nf3+ 38. Kg2 Ne1+ 39. Kf1 Nf3 40. Qxf7+
Kh8 41. Qg8# 1-0